Juntes locals de salut pública : Constitució i funcionament. Deures i atribucions Constitució i funcionament. Deures i atribucions
Descripción Física:
12 p. ; 22 cm
MARC
| LEADER | 00000nam a2200000Ia 4500 | ||
|---|---|---|---|
| 001 | 15921 | ||
| 008 | 160829s1926 xx 000 0 cat d | ||
| 080 | |a RF-12-49 | ||
| 100 | |a Catalunya. Govern provisional |9 39103 | ||
| 245 | |a Juntes locals de salut pública : |b Constitució i funcionament. Deures i atribucions | ||
| 260 | |a [Barcelona] : |b Publicacions de l'Estat català, |c 1926 | ||
| 300 | |a 12 p. ; |c 22 cm | ||
| 590 | |a Abans del tíol: Govern Provisional de Catalunya | ||
| 650 | |a Catalunya. Juntes Locals de Salut Pública |9 39104 | ||
| 856 | 4 | |u https://media.diba.cat/diba/fitxers/arxiu/fulletons/bib_15921_1926_baixa.pdf |y Accés lliure | |
| 856 | 4 | |u https://media.diba.cat/diba/fitxers/arxiu/fulletons/bib_15921_1926_baixa.pdf |y Accés lliure | |
| 901 | |a Arxiu | ||
| 942 | |n 1 |2 udc | ||
| 952 | |0 0 |1 0 |4 0 |6 RF1249 |7 1 |9 48801 |a Arxiu |b Arxiu |d 2016-12-01 |l 0 |o RF-12-49 |p 15921 |r 2016-12-01 00:00:00 |w 2016-12-01 |y ARXIU | ||
| 999 | |c 52634 |d 52634 | ||
| 900 | |a bib_15921_1926_baixa.pdf | ||